Statistics for Countries A-Z Closest To An Unknown Country #16

Click here to take the quiz!

General Stats

  • This quiz has been taken 155 times
  • The average score is 22 of 25

Answer Stats

LetterCountry% Correct
ZZambia
97%
UUganda
96%
KKenya
95%
OOman
95%
YYemen
95%
QQatar
94%
RRwanda
94%
JJordan
93%
TTanzania
93%
AAngola
92%
EEthiopia
92%
DDemocratic Republic of the Congo
91%
VVatican City
90%
HHungary
88%
GGabon
87%
BBotswana
86%
FFrance
86%
SSomalia
86%
MMalawi
82%
NNamibia
81%
CCentral African Republic
76%
LLibya
76%
Unknown Country:Burundi
70%
IIsrael
67%
PPakistan
66%

Score Distribution

Percentile by Number Answered

Percent of People with Each Score

Your Score History

You have not taken this quiz